| 000 | 01002nam a2200229 a 4500 | ||
|---|---|---|---|
| 001 | 43903 | ||
| 003 | BD-RjUL | ||
| 005 | 20211209053753.0 | ||
| 008 | 170410s1973 bg ||||| |||| 00| 0 ben d | ||
| 020 | _c: TK 15.50 | ||
| 035 | _a(BD-RjUL)44021 | ||
| 040 |
_aBD-RjUL _bben _cBD-RjUL |
||
| 041 | _aben | ||
| 082 |
_223 _a782.42 _bBAN 1973 |
||
| 245 | 0 | 0 |
_aবাংলাদেশের লোকসংগীত পরিচিতি / _cসংগৃহীত ও সম্পাদিত মোহাম্মদ সিরাজুদ্দীন কাসিমপুরী |
| 260 |
_aঢাকা : _bবাংলা একাডেমী, _c১৯৭৩ |
||
| 300 |
_a[১০], ৪৪৬ পৃ. ; _c২১ সেমি. |
||
| 650 |
_aলোক সংগীত _9134898 |
||
| 650 |
_aFolk songs _9134899 |
||
| 700 |
_aকাসিমপুরী, মোহাম্মদ সিরাজুদ্দীন, সংগ্রাহক ও সম্পাদক _9134900 |
||
| 942 |
_2ddc _cBK _01 |
||
| 999 |
_c43903 _d43903 |
||